Geography Quiz

Random Geography or City Quiz

USA Map: Capitals Not Welcome Quiz Stats

Quiz Updated Nov 6, 2016

Also try: US Capitals
Challenge
Share
Tweet
Score 0/50 Timer 10:00
5 Plays Today
% Correct
Los Angeles
98.4%
Houston
98.2%
New York
96.9%
Las Vegas
96.6%
Seattle
92.6%
Detroit
91%
Chicago
90.4%
Cleveland
89.6%
Jacksonville
87.8%
Wichita
86.6%
New Orleans
86.6%
Kansas City
86.5%
Anchorage
86.3%
Philadelphia
83.7%
Portland
82.1%
Birmingham
80.8%
Baltimore
79.3%
Minneapolis
79%
Memphis
77.2%
Columbus
75.5%
Tucson
73.6%
Louisville
73.1%
Milwaukee
72.9%
Virginia Beach
72.4%
Newark
72.4%
% Correct
Charlotte
72.2%
Portland
71.9%
Billings
69%
Albuquerque
66.3%
Colorado Springs
65.5%
Tulsa
64.9%
Omaha
63%
Worcester
59.9%
Cedar Rapids
58.9%
Bridgeport
56.6%
Charleston
56%
Fargo
55.3%
Fort Wayne
55%
West Valley City
52.8%
Wilmington
48.5%
Sioux Falls
47.4%
Gulfport
46.5%
Huntington
42.3%
Manchester
42.2%
Burlington
40.9%
Casper
40.9%
Pearl City
40.6%
Fort Smith
38.5%
Meridian
32.4%
Warwick
29.4%

You're not logged in!

Compare scores with friends on all Sporcle quizzes.
Join for Free
OR
Log In

You Might Also Like...

Show Comments

Extras

Top Quizzes Today


Score Distribution

Your Account Isn't Verified!

In order to create a playlist on Sporcle, you need to verify the email address you used during registration. Go to your Sporcle Settings to finish the process.

Report this User

Report this user for behavior that violates our Community Guidelines.

Details: